000 00329nam a2200121Ia 4500
008 150509s9999 xx 000 0 und d
082 _a658.15 HUN
100 _aHunt, PearsonWilliams C.M.Donaldson G.
245 _aBasic business finance
260 _c1961
300 _axiv, 946p.: ill. ;23cm.
650 _aFinancial administration
999 _c1584
_d1584